000 01311cam a2200289 i 4500
003 SA-RiAUC
005 20260315140235.0
008 260113s1909 ua g 000r0 ara c
040 _aSA-MaHRM
_bara
_cSA-RiAUC
_erda
082 0 4 _a254
_qSA-RiAUC
090 _aم ن 254
_bك ت ا
245 0 0 _aكتاب الأحكام الشرعية في الأحوال الشخصية على مذهب الإمام أبي حنيفة النعمان.
246 3 0 _aالأحكام الشرعية في الأحوال الشخصية على مذهب الإمام أبي حنيفة النعمان
250 _aالطبعة الأولى.
264 1 _a[مكان النشر غير محدد] :
_b[الناشر غير محدد]،
_c1909
264 3 _aالقاهرة :
_bمطبعة السعادة
300 _a110 صفحة ؛
_c29 سم
336 _aنص
_btxt
_2rdacontent
_3كتاب
337 _aبدون وسيط
_bn
_2rdamedia
338 _aمجلد
_bnc
_2rdacarrier
535 1 _aمكتبة الحرم المكي الشريف.
650 7 _aالأحوال الشخصية للمسلمين
_2aucsh
650 7 _aالفقه الحنفي
_2aucsh
856 4 _uhttp://10.10.10.21/hipres/1338/book.Web/bookTestPage.html
942 _2ddc
_cRBOOK COPY
_n0
949 _aSA-JeALM
_d260113
_umohamedma123
_n1
999 _c14603
_d14603